Civil Engineering Topicwise Previous Solved Papers Junior Engineer (Record no. 161)

MARC details
000 -LEADER
fixed length control field 00347nam a22001337a 4500
020 ## - INTERNATIONAL STANDARD BOOK NUMBER
International Standard Book Number 978-93-5147-238-4
041 ## - LANGUAGE CODE
Language code of text/sound track or separate title ENG
100 ## - MAIN ENTRY--PERSONAL NAME
Personal name SSC
245 ## - TITLE STATEMENT
Title Civil Engineering Topicwise Previous Solved Papers Junior Engineer
260 ## - PUBLICATION, DISTRIBUTION, ETC. (IMPRINT)
Place of publication, distribution, etc New Delhi
Name of publisher, distributor, etc Made Easy PUB
Date of publication, distribution, etc 2018
300 ## - PHYSICAL DESCRIPTION
Extent 274
650 ## - SUBJECT ADDED ENTRY--TOPICAL TERM
Topical term or geographic name as entry element Competitive Exam
856 ## - ELECTRONIC LOCATION AND ACCESS
Uniform Resource Identifier Competitive Exam
Holdings
Withdrawn status Lost status Source of classification or shelving scheme Damaged status Not for loan Home library Current library Date acquired Cost, normal purchase price Total Checkouts Barcode Date last seen Date checked out Price effective from Koha item type
    Dewey Decimal Classification     College of Agricultural Engineering and Technology, Dapoli , Library College of Agricultural Engineering and Technology, Dapoli , Library 15/01/2021 425.00 1 007734 19/12/2022 09/12/2022 15/01/2021 Books
    Dewey Decimal Classification     College of Agricultural Engineering and Technology, Dapoli , Library Liberty 15/01/2021 425.00   007735 15/01/2021   15/01/2021 Books

Contact Us: College of Agricultural Engineering and Technology, Dapoli, Dist.- Ratnagiri
Website: https://dbskkv.org Email: caetlibrary2015@gmail.com